Through the prism of cognition: Exploration of local political leaders’ behaviour during incented voluntary municipal amalgamation (Record no. 524581)

000 -LEADER
fixed length control field 01257nam a22001457a 4500
008 - FIXED-LENGTH DATA ELEMENTS--GENERAL INFORMATION
fixed length control field 240101b ||||| |||| 00| 0 eng d
100 ## - MAIN ENTRY--PERSONAL NAME
Personal name Valkulenko, V., Bourmistrov, A. and Grossi, G.
245 ## - TITLE STATEMENT
Title Through the prism of cognition: Exploration of local political leaders’ behaviour during incented voluntary municipal amalgamation
260 ## - PUBLICATION, DISTRIBUTION, ETC. (IMPRINT)
Place of publication, distribution, etc Local Government Studies
300 ## - PHYSICAL DESCRIPTION
Extent 49(5), Oct, 2023: 975-999
520 ## - SUMMARY, ETC.
Summary, etc For decades, amalgamation has remained at the top of the international reform agenda. Seeking to enhance local governments’ economic efficiency and democracy, municipal mergers were encouraged in numerous countries. However, the results of such reforms remain controversial. The paper aims to extend the understanding of reasons for municipalities’ diverging responses to financial incentives under amalgamation. In this way, the study adds to local public administration literature, by showing the influence of psychological factors and individuals’ cognition on the result of mergers in the context of two Ukrainian local governments. – Reproduced

https://www.tandfonline.com/doi/full/10.1080/03003930.2022.2106222
773 ## - HOST ITEM ENTRY
Main entry heading Local Government Studies
906 ## - LOCAL DATA ELEMENT F, LDF (RLIN)
Subject DIP LOCAL GOVERNMENT
942 ## - ADDED ENTRY ELEMENTS (KOHA)
Item type Articles
Holdings
Withdrawn status Lost status Source of classification or shelving scheme Damaged status Not for loan Permanent location Current location Date acquired Serial Enumeration / chronology Barcode Date last seen Koha item type
          Indian Institute of Public Administration Indian Institute of Public Administration 2024-01-01 49(5), Oct, 2023: 975-999 AR130411 2024-01-01 Articles

Powered by Koha